000 00238 a2200097 4500
001 45382
100 _aKhwaja Razi Haider
245 _aSurveillance and target acquisition system
260 _aOxford
_bBrassey's
_c
090 _c28542
_d28542
942 _aNUST-CAE
_cM
_c20605
999 _c280455
_d280455